000 00362nam a2200133Ia 4500
005 20260326235505.0
008 260326s9999||||xx |||||||||||||| ||und||
100 _aSchank Smith, Kendra
245 0 _aArchitect's sketches :
_b Dialogue and Design /
_cKendra Schank Smith
260 _bElsevier
300 _a138 p.
650 _aDIBUJO ARQUITECTÓNICO
942 _cBK
999 _c8143
_d8143